000 00942cam a22002534a 4500
005 20230615122229.0
008 030805s2005 njua b 001 0 eng
010 _a 2003061139
020 _a8129710005
040 _aDLC
_cDLC
_dDLC
042 _apcc
082 0 0 _a621.382
_222
_bHAY-M
100 1 _aHaykin, Simon S.,
_d1931-
245 1 0 _aModern wireless communications /
_cSimon Haykin and Michael Moher.
260 _aUpper Saddle River, N.J. :
_bPearson/Prentice Hall,
_cc2005.
300 _axvi, 560 p. :
_bill. ;
_c25 cm.
504 _aIncludes bibliographical references (p. 544-550) and index.
650 0 _aWireless communication systems.
650 0 _aSpread spectrum communications.
700 1 _aMoher, Michael.
906 _a7
_bcbc
_corignew
_d1
_eocip
_f20
_gy-gencatlg
999 _c18762
_d18762